Ganancias de la tercera categoría, ley 27.430 (Registro nro. 34957)

Detalles MARC
000 -LEADER
fixed length control field 00345 a2200121 4500
001 - CONTROL NUMBER
control field ART_48492
005 - DATE AND TIME OF LATEST TRANSACTION
control field 20260410162042.0
008 - FIXED-LENGTH DATA ELEMENTS--GENERAL INFORMATION
fixed length control field 260409a
100 1# - MAIN ENTRY--PERSONAL NAME
Personal name Balán, Osvaldo
245 10 - TITLE STATEMENT
Title Ganancias de la tercera categoría, ley 27.430
700 1# - ADDED ENTRY--PERSONAL NAME
Personal name Bello, Alberto M.
773 0# - HOST ITEM ENTRY
Title Impuestos
Related parts - N°44 (ene. 2019)
Record control number REV45175

No hay ítems disponibles.